| 000 | 01287nam a2200241Ia 4500 | ||
|---|---|---|---|
| 003 | Ost | ||
| 005 | 20260507075754.0 | ||
| 008 | 260507s9999||||xx |||||||||||||| ||und|| | ||
| 020 | _a9789931140627 | ||
| 040 | _cfsecg | ||
| 041 | _aara | ||
| 082 | _a332.1 | ||
| 100 |
_aبوعكاز، عامر _eمؤلف |
||
| 245 | 0 |
_aالخدمات المصرفية الالكترونية / _c عامر بوعكاز |
|
| 260 |
_aالجزائر: _bدار الأجيال الرقمي, _c2023 |
||
| 300 |
_a166 صفحة؛ _bإيضاحات ؛ _c24 سم |
||
| 504 | _aمراجع ص.145-162 | ||
| 520 | _aالأسس النظرية للخدمات المصرفية،البنوك الإلكترونية،أعمال الصيرفة الإلكترونية، كذلك مفهوم الخدمات المصرفية الالكترونية، مراحل تقديم الخدمات المصرفية، وأدواتها التنظيمية، أنواع وقنوات الخدمات المصرفية الالكترونية، ماهية وسائل الدفع الإلكتروني في العمليات المصرفية الالكترونية. | ||
| 653 | _aالبنوك الإلكترونية | ||
| 653 | _aالدفع الإلكتروني | ||
| 700 |
_aوديع، قاسم _eمؤلف ثانوي |
||
| 942 | _cكتاب | ||
| 999 |
_c46239 _d46239 |
||